000 00566nam a2200241Ia 4500
005 20260306150721.0
008 008 260114s9999 xx 000 0 eng d
020 _a9781400834617
037 _aEbook
040 _aCRL
040 _beng
040 _cCRL
041 _2eng
041 _aeng
084 _qCRL
245 4 _aThe Brain and the Meaning of Life
260 _bPrinceton University Press
260 _c2010
650 _aMedicine
856 _uhttps://www.degruyter.com/isbn/9781400834617
942 _cEBOOK
999 _c1699034
_d1699034